| 000 | 01007nam a22003137a 4500 | ||
|---|---|---|---|
| 003 | CHAP | ||
| 005 | 20220329135447.0 | ||
| 008 | 971013s1970 r 00010 d | ||
| 010 | _a36866 | ||
| 011 | _a37838 | ||
| 035 | _a41958 | ||
| 040 | _cCHAP | ||
| 082 |
_a149.94 _bP3Y |
||
| 100 | 0 | 0 |
_aPap, Arthur. _985164 |
| 245 |
_aSemántica y verdad necesaria _b: una investigación sobre los fundamentos de la filosofía analítica |
||
| 260 |
_aMéxico : _bFondo de Cultura Económica, _c1970 |
||
| 300 | _a483 p. | ||
| 490 | _aSección de obras de filosofía | ||
| 590 |
_aBATCH-UPD _b10 _c20130110 _lUCH01 _h2142 |
||
| 590 |
_aBATCH-UPD _b10 _c20130410 _lUCH01 _h1450 |
||
| 590 |
_aBATCH-UPD _b10 _c20130914 _lUCH01 _h1859 |
||
| 590 |
_aCONVERSION _b10 _c20130109 _lUCH01 _h1321 |
||
| 650 | 1 | 4 |
_aSemántica. _9104391 |
| 650 | 1 | 4 |
_aVerdad. _9118843 |
| 830 | 0 |
_aSección de obras de filosofía _9103505 |
|
| 901 | _aBK | ||
| 942 | _cLIBRO | ||
| 949 |
_a149.94 P3Y _bBC _cLIBRO _d-96439 _eLIBRO _h40612 _i41958 _mD _si |
||
| 999 |
_c36866 _d36866 |
||